| 000 | 00704nam a2200169 a 4500 | ||
|---|---|---|---|
| 008 | 220818s2016 ||||||||||||||||| || u | ||
| 020 | _a9781911122074 | ||
| 050 | _aPR 908 .H64 | ||
| 100 | _aHoffman, Mary | ||
| 245 | 1 | 0 |
_aDAVID : the unauthorised autobiography _cby Mary Hoffman |
| 260 |
_aLondon _bThe Greystones Press _c2016 |
||
| 300 | _a291 pages | ||
| 350 | _a33.18 | ||
| 650 | _aENGLISH LANGUAGE | ||
| 995 |
_FCBU-SCHOOL OF MEDICINE LIBRARY (Ndola) _I17.91 _M1 _UAVAILABLE _WAug 26, 2022 _ZFiction Collection |
||
| 995 |
_FCBU-MAIN LIBRARY (Kitwe) _I33.18 _M2 _UAVAILABLE _WSep 7, 2022 _ZFiction Collection |
||
| 999 |
_c62695 _d62695 |
||